Statistics for Jeopardy #8481

Click here to take the quiz!

General Stats

  • This quiz has been taken 22 times
  • The average score is 13 of 61

Answer Stats

CategoryCashClueAnswer% Correct
INCONCEIVABLE!$200Crossword, jigsaw, Sudoku... all are a real thisa puzzle
92%
IF AT "FIRST"$6002-word term describing an E.M.T. who goes to a crisis area to provide immediate assistancea first responder
62%
BASEBALL HALL OF FAMERS BY INITIALS$400Look at numbers like 7,356 innings pitched & you'll: C.Y.(Cy) Young
62%
BASEBALL HALL OF FAMERS BY INITIALS$200Made the last of 21 straight all-star teams in 1975: H.A.Hank Aaron
62%
FRY FRY AGAIN$800This long Mexican fritter is deep-fried, cinnamon-coated & all-deliciouschurro
54%
4-LETTER BOOK TITLES$200This 1981 novel is named for a sick 200-pound St. Bernard in MaineCujo
54%
INCONCEIVABLE!$1000Riddle-named Nazi enciphering machineEnigma
54%
RIVERS OF ASIA$400In this frigid region, Russia's Lena River rises near Lake Baikal & flows over 2,700 miles north to the Laptev SeaSiberia
54%
BASEBALL HALL OF FAMERS BY INITIALS$600Class of 2020: D.J.Derek Jeter
46%
IF AT "FIRST"$200This covers "the right of the people... to petition the government for a redress of grievances"First Amendment
46%
BASEBALL HALL OF FAMERS BY INITIALS$800Spectacular southpaw: S.K.(Sandy) Koufax
46%
YOU DON'T SUCCEED$400In a 1998 floor speech, Bob Livingston stunned colleagues by saying he would not succeed Newt Gingrich in this jobSpeaker of the House
46%
YOU DON'T SUCCEED$200Killing a man was one good reason this vice president did not succeed his boss, Jefferson; later, he got busted for treasonBurr
38%
4-LETTER BOOK TITLES$800Named for a music genre, this Toni Morrison novel involves a Harlem love triangleJazz
38%
FRY FRY AGAIN$200Stick with it, this fried favorite made its debut at the 1942 Texas State Faircorn dog
31%
4-LETTER BOOK TITLES$600Coming between "Night" & "Day", it's the middle title in Elie Wiesel's acclaimed trilogyDawn
31%
4-LETTER BOOK TITLES$400In Chapter One of this book, "a great fish" severs a woman's femoral artery, the blood now "a beacon... clear and true"Jaws
31%
THE ARTS$400Joseph Haydn told Leopold, dad of this prodigy, "Your son is the greatest composer known to me in person or by name"Mozart
31%
FRY FRY AGAIN$400Shrimp & vegetables are popular fillings for this battered & deep-fried Japanese dishtempura
31%
RIVERS OF ASIA$800In some areas, mountains more than one mile high form the banks of this river that runs from Tibet to the East China SeaYangtze
31%
IF AT "FIRST"$800Primus inter pares is Latin for this, the member of a power-sharing group with a little more juice than the restfirst among equals
23%
IF AT "FIRST"$400Sounds like bad grammar but "me" is an objective singular pronoun of this linguistic formfirst person
23%
BASEBALL HALL OF FAMERS BY INITIALS$1000He took a big lead & slid into the H.O.F. in 2009: R.H.Henderson
23%
RIVERS OF ASIA$1200The Mekong River fluctuates greatly during the year, with its highest levels after the rains of this wind systemmonsoon
23%
FRY FRY AGAIN$1000This ovoid appetizer with a nationality in its name is enclosed in sausage & breadcrumbsScotch egg
23%
FRY FRY AGAIN$600Aw Cher, Acadians graced Louisiana with this sugar-covered fried treat whose name comes from French for "fritter"beignet
15%
SCI-FI MOVIE SYNOPSES$400Rick retires Replicants, Roy (Rutger) ruminates in rainBlade Runner
15%
MEDICAL TERMS$1200Distal means away from the point of origin; this similar-sounding word means pertaining to the backdorsal
15%
INCONCEIVABLE!$400Add a "Y" to this 4-letter word for gloom or a dark mist & you get a word for hard to understandmurk
15%
YOU DON'T SUCCEED$600In 1978 Giovanni Benelli was said to be a favorite--twice--to be the successor in this job but did not have the votespope
15%
4-LETTER BOOK TITLES$1000It's the original title of Sapphire's novel about Claireece "Precious" JonesPush
15%
RIVERS OF ASIA$2000Long considered sacred, the Godavari River flows 910 miles west to east across India into this baythe Bay of Bengal
15%
INCONCEIVABLE!$800A 6-foot unit of nautical measurement is within this word meaning impossible to understandunfathomable
15%
YOU DON'T SUCCEED$800Joice Mujuru was set to succeed Robert Mugabe as leader of this African nation but got dismissed as vice president in 2014Zimbabwe
15%
INCONCEIVABLE!$600"Bewitched, Bothered & Perplexed" wasn't quite the right song title, so folks went with this synonymBewildered
8%
MEDICAL TERMS$800By definition keratitis is an inflammation of this part of the eyecornea
8%
IF AT "FIRST"$1000As leader of Poland from 1956 to 1970, Wladyslaw Gomulka held this Communist Party titlefirst secretary
8%
THIS CATEGORY IS FILLER$1600Used as filling in a defensive wall near Mount Olympus, a 2,200-year-old statue of this queen & goddess was found in 2006Hera
8%
YOU DON'T SUCCEED$1000In 2004 the line of succession changed in this country when King Abdullah II dubbed his half-brother Hamzah ex-heir apparentJordan
8%
THIS CATEGORY IS FILLER$400In linguistics, this 4-letter word associated with simile-making is considered a filler wordlike
8%
THE ARTS$2000Paul Signac used this technique that he helped pioneer in his painting "The Red Buoy" seen herepointillism
8%
THIS CATEGORY IS FILLER$800As a bonus gift, surround that delicate item you mail to a pal with bags of freshly made this... maybe Orville Redenbacher's?popcorn
8%
MEDICAL TERMS$1600Used to describe a method of taking medication, it means "below the tongue"sublingual
8%
SCI-FI MOVIE SYNOPSES$1200Beleaguered botanist bolsters base, buddies bounce back, boost on board(The) Martian
8%
RIVERS OF ASIA$1600This lake of Israel famous for its biblical associations is fed & drained by the Jordan Riverthe Sea of Galilee
8%
BEFORE & AFTER$1200Geographic latitude separating the 2 Koreas that's a gymnastics apparatus38th parallel bars
0%
SCI-FI MOVIE SYNOPSES$800Linguistics lass learns lexicon of labyrinthine life formsArrival
0%
MEDICAL TERMS$2000Often administered through an inhaler, it's the 14-letter term for a medication that opens up the airwaysbronchodilator
0%
BEFORE & AFTER$2000Late summer arts festival in the desert that's a basement hangout with TV & beerBurning Man cave
0%
THIS CATEGORY IS FILLER$1200If gray is not your favorite color, block filler is used to paint this type of "block" made from burned mattercinderblock
0%
SCI-FI MOVIE SYNOPSES$1600Aging actors assume anterior aspects, Allen aids admiring aliens against annihilationGalaxy Quest
0%
THIS CATEGORY IS FILLER$2000This French-named delight seen here in a bowl & as filling is made by whipping up chocolate & heavy creamganache
0%
THE ARTS$800"Your tiny hand is frozen, let me warm it in mine", sings Rodolfo to Mimi in this operaLa bohème
0%
BEFORE & AFTER$1600Artistic Left Bank region of Paris that's a meaty McDonald's burgerLatin Quarter Pounder
0%
BEFORE & AFTER$800Southern state capital confection that's made of crystallized sugarLittle Rock candy
0%
THE ARTS$1600Eugene O'Neill described this 4-act family drama as "old sorrow written in tears & blood"Long Day\'s Journey into Night
0%
SCI-FI MOVIE SYNOPSES$2000Cruise & crafty computer collaborate on crimes not yet committedMinority Report
0%
RENAISSANCE MENN/A10 years before a more famous work, he wrote in 1503 that the way to deal with rebels is to placate them or eliminate them(Niccolò) Machiavelli
0%
THE ARTS$1200The christening, the spell & the awakening are all part of this fairy tale balletSleeping Beauty
0%
MEDICAL TERMS$400Misophonia is a disorder in which a person is triggered & distressed by thesesound or noises
0%
BEFORE & AFTER$400Top equestrian trio of races that are next in line to be the reigning monarchTriple Crown prince
0%

Score Distribution

Percentile by Number Answered

Percent of People with Each Score

Your Score History

You have not taken this quiz